000 00633nam a2200277Ia 4500
005 20260324120106.0
008 008 260324s9999 xx 000 0 eng d
020 _a9781315780955
037 _aEBOOK
040 _aCRL
040 _beng
040 _cCRL
041 _2eng
041 _aeng
084 _qCRL
100 _aAngela Mulvie
_91147695
245 4 _aThe Value of Executive Coaching
260 _bTaylor and Francis
260 _c2015
365 _a
365 _b265
856 _uhttp://www.taylorfrancis.com/books/9781315780955
942 _cEBOOK
999 _c1748530
_d1748530